000 00591nam a2200229Ia 4500
003 OSt
005 20220928103047.0
006 a|||||r|||| 00| 0
007 ta
008 220927b |||||||| |||| 00| 0 eng d
024 _a48395
037 _cTextual
040 _aSDCL
_cSDCL
_beng
041 _2eng
_aeng
082 _aO152,1N2x, L5
100 _aRamnath Suman
_9401992
245 0 _aChhayawadyugeen smritiyan.
260 _aDelhi
_bMacmillan
_c1975
300 _a195p.
_ccm.
942 _hO152,1N2x, L5
_cTEXL
_2CC
999 _c717831
_d717831